| 000 | 00463nam a2200157Ia 4500 | ||
|---|---|---|---|
| 003 | OSt | ||
| 005 | 20230524100444.0 | ||
| 008 | 211028s2018 xx 000 0 und d | ||
| 040 | _cAIMIT LIBRARY | ||
| 041 | _aeng | ||
| 100 |
_aMartiz, Reshma Mary; Hemalatha, N. _g161852 _99178 |
||
| 110 |
_aHemalatha N _99179 |
||
| 245 | _aIdentification of read-through pattern in Dengue viral genome using machine learning. | ||
| 260 |
_aMangalore _c2018 |
||
| 942 |
_2ddc _cPRO |
||
| 999 |
_c220252 _d220252 |
||